| 000 | 00624nam a22001937a 4500 | ||
|---|---|---|---|
| 005 | 20140108163332.0 | ||
| 010 | _aENG-109022 | ||
| 020 |
_a9788120348301 _c250.00 |
||
| 035 | _aEN-92555 | ||
| 037 | _bDBAD/PUB | ||
| 082 | _a332.632 | ||
| 100 | _aThomas, Samuel | ||
| 245 |
_aSecurity analysis and portfolio management / _cby Samuel Thomas |
||
| 260 |
_aNew Delhi _bPHI Learning _c2014 |
||
| 270 |
_aRimjhim House,111, Patparganj Industrial Estate, _bNew Delhi _e110092 |
||
| 300 |
_axix,236p. _c24cm(pbk) |
||
| 500 | _a Includes bibliographical references and index | ||
| 942 |
_2ddc _cEN _mTHO _h332.632 |
||
| 999 |
_c81532 _d81532 |
||